| 000 | 00547cam a22001577a 4500 | ||
|---|---|---|---|
| 008 | 180718b1996 xxu||||| |||| 00| 0 eng d | ||
| 020 | _a0195775511 | ||
| 082 | _aBA2x547 L644 | ||
| 100 | _aLondholm, Charles | ||
| 245 |
_aFrontier perspectives: essays in comparative anthropology _cby Charles Lindholm |
||
| 260 |
_aKarachi _bOxford University Press _c1996 |
||
| 300 | _a258p. | ||
| 650 | _aPushtuns --Pakistan --Swat --Social conditions. | ||
| 650 | _aPushtuns --Pakistan --Swat --Politics and government | ||
| 650 | _aPushtuns --Pakistan --Swat | ||
| 999 |
_c385744 _d385744 |
||